Catalogue [nº 396] de livres anciens en vente aux prix marqués chez Martinus Nijhoff, La Haye. (Record no. 185042)

MARC details
000 -LEADER
campo de control de longitud fija 00747nam a2200193 i 4500
001 - NÚMERO DE CONTROL
campo de control 185042
003 - IDENTIFICADOR DE NÚMERO DE CONTROL
campo de control ES-MaACL
005 - FECHA Y HORA DE LA ÚLTIMA TRANSACCIÓN
campo de control 20230906222333.0
008 - DATOS DE LONGITUD FIJA--INFORMACIÓN GENERAL
campo de control de longitud fija 160308q19101919sp |||| | spa d
110 2# - ENTRADA PRINCIPAL--NOMBRE DE ENTIDAD CORPORATIVA
Nombre de entidad corporativa o nombre de jurisdicción como elemento de entrada Martinus Nijhoff (La Haya)
9 (RLIN) 159006
245 10 - MENCIÓN DEL TÍTULO
Título Catalogue [nº 396] de livres anciens en vente aux prix marqués chez Martinus Nijhoff, La Haye.
260 ## - PUBLICACIÓN, DISTRIBUCIÓN, ETC.
Lugar de publicación, distribución, etc. La Haye :
Nombre del editor, distribuidor, etc. Marinus Nijhoff, [entre 1910 y 1919]
300 ## - DESCRIPCIÓN FÍSICA
Extensión 6 v. :
Otras características físicas il. ;
Dimensiones 23 cm.
505 8# - NOTA DE CONTENIDO CON FORMATO
Nota de contenido con formato Contiene: Catálogo nº 396, 1ª, 3ª, 4ª, 5ª, 6ª , 8ª parte
594 ## - Nota al título y mención de responsabilidad
Nota al título y mención de responsabilidad Precede al tít.: Livres rares et curieux.
610 24 - PUNTO DE ACCESO ADICIONAL DE MATERIA--NOMBRE DE ENTIDAD CORPORATIVA
Nombre de entidad corporativa o nombre de jurisdicción como elemento de entrada Martinus Nijhoff (La Haya)-
Subdivisión de forma Catálogos.
9 (RLIN) 159007
650 #4 - PUNTO DE ACCESO ADICIONAL DE MATERIA--TÉRMINO DE MATERIA
Término de materia o nombre geográfico como elemento de entrada Libros-
Subdivisión de forma Catálogos comerciales.
9 (RLIN) 159004
852 ## - LOCALIZACIÓN
Ubicación ES-MaACL
Número de control de estantería 1528-F-1-6
Holdings
Estatus retirado Estado de pérdida Estado de daño No para préstamo Colección Biblioteca de origen Biblioteca actual Ubicación en estantería Fecha de adquisición Fuente de adquisición Total de préstamos Signatura topográfica completa Código de barras Visto por última vez Precio de reemplazo Tipo de ítem Koha
        Colección de folletos Biblioteca del Ateneo de Madrid Biblioteca del Ateneo de Madrid Depósito folletos 08/03/2016     1528-F-1-6 1194903 23/02/2023 23/02/2023 Folleto